[Event "Rohde op 03rd"]
[Site "Sautron"]
[Date "2003.11.01"]
[Round "8"]
[White "Meneuvrier, Serge"]
[Black "Croguennoc, Laurie"]
[Result "1-0"]
[WhiteElo "1190"]
[BlackElo "1350"]
[PlyCount "59"]
[EventDate "2003.10.25"]
[EventType "swiss"]
[EventRounds "9"]
[EventCountry "FRA"]
[SourceTitle "EXT 2004"]
[Source "ChessBase"]
[SourceDate "2003.11.25"]
[SourceVersion "1"]
[SourceVersionDate "2003.11.25"]
[SourceQuality "1"]

1. d4 d5 2. c4 c6 3. Nc3 Nf6 4. Nf3 Bf5 5. e3 e6 6. Bd3 Bg4 7. 0-0 Bd6 8. cxd5 cxd5 9. e4 0-0 10. e5 Be7 11. exf6 Bxf6 12. Bc2 Nc6 13. Bf4 Nxd4 14. Qd3 g6 15. Nxd4 e5 16. Bh6 Re8 17. Ndb5 e4 18. Qxd5 Qxd5 19. Nxd5 Re7 20. Nxe7+ Bxe7 21. Bxe4 a6 22. Nd4 Rb8 23. f3 Bd7 24. f4 Bc5 25. Rac1 Bxd4+ 26. Kh1 Bg4 27. Rc7 Re8 28. Rxb7 Rxe4 29. Rb8+ Re8 30. Rxe8# 1-0